[Event "Leiden Chess Tournament"]
[Site "Leiden"]
[Date "2017.07.23"]
[Round "9"]
[White "Perske, Thore"]
[Black "Nijboer, Friso"]
[Result "1-0"]
[WhiteElo "2413"]
[BlackElo "2528"]
[Annotator "TA"]
[PlyCount "105"]
[EventDate "2017.??.??"]
[EventCountry "NED"]
[SourceTitle "playchess.com"]
[Source "ChessBase"]
[SourceQuality "1"]

{[%evp 15,105,0,0,0,0,0,0,0,-6,0,0,-7,19,-47,9,2,34,39,81,75,128,121,175,191,253,191,190,166,176,167,172,141,164,123,167,176,143,135,208,200,245,250,206,121,229,216,235,225,219,233,215,221,231,204,268,271,347,321,278,265,262,250,560,558,558,548,540,538,513,446,450,446,5832,4640,5607,441,343,0,1448,668,29956,3062,29954,29962,29967,29968,12391,8502,29953,29956,8502,7426]} 1. e4 c5 2. Nf3 Nc6 3. Bb5 e6 4. O-O Nge7 5. c3 a6 6. Bxc6 Nxc6 {B30: Sicilian: 2...Nc6 3 Bb5, lines without ...g6} 7. d4 cxd4 8. cxd4 d5 {LiveBook: 5 Games. The position is equal.} 9. exd5 exd5 10. Re1+ (10. Nc3 Be7 11. Bf4 Be6 12. Ne5 Rc8 13. Na4 O-O 14. Rc1 Nxe5 15. Rxc8 Qxc8 16. Bxe5 {½-½ (27) Wang,Y (2445)-Kulaots,K (2578) Moscow 2016}) 10... Be7 11. Bg5 f6 12. Bf4 O-O 13. Nc3 g5 $146 ({Predecessor:} 13... Bg4 14. h3 Bxf3 15. Qxf3 Nxd4 16. Qxd5+ Qxd5 17. Nxd5 {0-1 (53) Lagunov,E-Warszawski,B Porz 1991}) 14. Be3 ({White should try} 14. Bg3 $11) 14... Bf5 (14... Bg4 $15) 15. Qb3 Nb4 {[#] And now ...Bc2 would win.} 16. Rec1 Kg7 17. a3 Nc6 (17... Nd3 $142) 18. Qxb7 $16 Na5 (18... Qd6 $16) 19. Qxd5 $18 Bd3 (19... Qxd5 $142 20. Nxd5 Bd6) 20. b4 Nc4 21. Rd1 Nxe3 22. Qxd8 Rfxd8 23. Rxd3 Nd5 24. Re1 Kf7 25. Nxd5 Rxd5 26. Nd2 Bd8 (26... Rc8 $16 {might work better.} 27. Rh3 h5) 27. Rc1 a5 28. Rc5 Rd7 {[#]} 29. bxa5 (29. b5 $1 $18) 29... Bxa5 (29... Rxa5 $16 30. Rcc3 Bb6) 30. Nc4 Bd8 31. d5 Rc7 32. Rxc7+ Bxc7 {[%mdl 4096] Endgame KRB-KRN} 33. Kf1 h5 34. h3 Rb8 35. Ke2 g4 36. hxg4 hxg4 37. f3 gxf3+ 38. gxf3 f5 $2 (38... Bf4 {is a better chance.} 39. Rd4 Bh2) 39. d6 {[%cal Bd5d6,Bd6d7][%mdl 32]} Bd8 40. Ne5+ Ke6 41. Nc6 Rb2+ 42. Kd1 Kd7 43. Nxd8 Kxd8 {KR-KR} 44. d7 Rf2 45. Ke1 (45. Kc1 $142 f4 46. Kb1) 45... Rc2 46. Kd1 $2 (46. a4) 46... Rf2 $1 47. Kc1 Ra2 48. Kb1 (48. f4 $142 Re2 49. Rd4 Re6 50. Kb2 Rh6 51. a4 Rh3 52. a5 Rh1 53. Rd5) 48... Rh2 49. f4 Rf2 50. Rd4 Rg2 51. a4 {[%cal Ba3a4,Ba4a5,Ba5a6][%mdl 32]} Rh2 52. a5 Rg2 53. a6 {Precision: White = 74%, Black = 38%.} 1-0

[Event "Leiden Chess Tournament"]
[Site "Leiden"]
[Date "2017.07.23"]
[Round "9"]
[White "Kuipers, Stefan"]
[Black "Ikonnikov, Vyacheslav"]
[Result "1/2-1/2"]
[WhiteElo "2388"]
[BlackElo "2538"]
[Annotator "TA"]
[PlyCount "33"]
[EventDate "2017.??.??"]
[EventCountry "NED"]
[SourceTitle "playchess.com"]
[Source "ChessBase"]
[SourceQuality "1"]

{[%evp 20,33,31,31,46,40,46,14,50,49,53,47,43,43,38,41]} 1. e4 c5 2. Nf3 Nc6 3. d4 cxd4 4. Nxd4 e5 5. Nb5 d6 6. c4 Be7 7. N1c3 a6 8. Na3 Be6 9. Be2 Nd4 {B32: Sicilian: Löwenthal and Kalashnikov Variations} (9... Rc8 10. O-O Nf6 11. Be3 O-O 12. Qd2 Nd7 13. Rac1 Nc5 14. f3 Nd4 15. Bxd4 exd4 16. Qxd4 Qb6 17. Rc2 Bf6 18. Qe3 Qb4 19. Qd2 Na4 20. Nd5 {½-½ (37) Anand,V (2779)-Caruana,F (2823) Saint Louis 2016}) 10. O-O Nxe2+ 11. Qxe2 {LiveBook: 3 Games} Rc8 12. Nd5 Nf6 13. b3 $146 ({NOTEXT:} 13. Bd2 Bxd5 14. cxd5 O-O 15. Rfc1 Rxc1+ 16. Rxc1 Qd7 17. f3 Rc8 18. Rxc8+ Qxc8 19. Qc4 Qd7 20. Qb3 Ne8 21. Nc4 Bd8 22. Be3 g6 {½-½ (22) Van Riemsdijk,H (2350)-Dumont,S (2250) Sao Paulo 1989}) 13... O-O 14. Nxe7+ {White is slightly better.} Qxe7 15. Bg5 h6 16. Bxf6 Qxf6 17. Rfd1 1/2-1/2

[Event "Leiden Chess Tournament"]
[Site "Leiden"]
[Date "2017.07.23"]
[Round "9"]
[White "Warmerdam, Max"]
[Black "De Rover, Yong Hoon"]
[Result "0-1"]
[WhiteElo "2357"]
[BlackElo "2385"]
[Annotator "NA"]
[PlyCount "66"]
[EventDate "2017.??.??"]
[EventCountry "NED"]
[SourceTitle "playchess.com"]
[Source "ChessBase"]
[SourceQuality "1"]
[TimeControl "40/5400+30:1800+30"]

1. e4 c5 2. Nf3 d6 3. d4 cxd4 4. Nxd4 Nf6 5. Nc3 a6 6. Be3 e5 7. Nb3 Be6 8. f3 h5 9. Qd2 Nbd7 10. Nd5 {B90: Sicilian Najdorf: Unusual White 6th moves, 6 Be3 Ng4 and 6 Be3 e5} Bxd5 11. exd5 g6 12. Be2 (12. O-O-O Nb6 13. Qa5 Bh6 14. Bxh6 Rxh6 15. Qd2 Rh8 16. f4 exf4 17. Qxf4 {½-½ (57) Ponomariov,R (2699)-Wang,H (2698) Danzhou 2017}) 12... Bg7 13. c4 b6 14. O-O O-O {LiveBook: 19 Games} 15. Rac1 a5 16. Na1 Nc5 17. Nc2 Qd7 $146 ({Predecessor:} 17... Nfd7) 18. Na3 e4 19. Nb5 exf3 20. Bxf3 Ng4 21. Bxg4 hxg4 22. Bf4 Ne4 23. Qe3 f5 24. Qxb6 Rfd8 25. Rc2 g5 26. Be3 {[#]} Rdc8 (26... f4 $1 $19 27. Bd4 g3) 27. Rfc1 f4 $15 28. Bd4 Rab8 29. Qa6 g3 30. hxg3 fxg3 31. Bxg7 Qxg7 32. Re1 Qh7 33. Rxe4 Rf8 0-1

[Event "Leiden Chess Tournament"]
[Site "Leiden"]
[Date "2017.07.23"]
[Round "9"]
[White "Thakoerdien, Jerrel"]
[Black "Pruijssers, Roeland"]
[Result "1/2-1/2"]
[WhiteElo "2193"]
[BlackElo "2508"]
[Annotator "TA"]
[PlyCount "72"]
[EventDate "2017.??.??"]
[EventCountry "NED"]
[SourceTitle "playchess.com"]
[Source "ChessBase"]
[SourceQuality "1"]

{[%evp 25,72,44,52,52,116,54,36,43,54,61,62,16,14,15,19,0,0,0,0,0,0,-14,-19,-42,-35,-52,-62,-117,-69,-108,-69,-95,0,0,0,0,0,0,0,0,0,0,0,0,0,0,0,0,0]} 1. d4 Nf6 2. Nf3 g6 3. c4 Bg7 4. Nc3 O-O 5. g3 d6 6. Bg2 Nc6 7. d5 Na5 8. b3 a6 9. Bb2 Rb8 10. Nd2 c5 11. O-O b5 12. Qc2 bxc4 13. bxc4 e6 14. Rab1 {E66: King's Indian: Fianchetto: 6...c5 7 0-0 Nc6 8 d5} exd5 (14... Bd7 $14) 15. cxd5 ({White should try} 15. Nxd5 $16 Rxb2 16. Rxb2) (15. Nxd5 Rxb2 16. Rxb2 Bf5 17. e4 Nxd5 18. cxd5 Bd7 19. Rbb1 h5 20. Rfe1 h4 21. e5 hxg3 22. hxg3 Bxe5 23. Rxe5 dxe5 24. Qxc5 {½-½ (41) Ubilava,E (2540)-Llorente Zaro,A (2422) Benasque 2007}) 15... Re8 $146 ({Predecessor:} 15... Bd7 16. Nce4 Rxb2 17. Rxb2 Nxd5 18. Nxd6 Be6 19. N6e4 c4 20. Rbb1 c3 21. Nf3 Qe7 {1-0 (37) Anic,D (2430)-Stull,N (2215) Metz 1991}) 16. Rfe1 {White is slightly better.} Bf5 17. e4 Bd7 18. Rec1 Rb4 $1 19. a3 Rd4 20. Nf3 Rc4 $36 {[%mdl 2048] Black has good play.} 21. Nd2 Ba4 22. Qd3 Rd4 23. Qxa6 {Nf3 is the strong threat.} (23. Qe2 {looks sharper.} Bd7 24. Rc2 c4 25. Qf1 Qc8 26. Nf3) 23... Rxd2 24. Nxa4 {And now Bxf6 would win.} Nxe4 25. Bxg7 Kxg7 26. Bxe4 (26. Rf1 $15 Nxf2 27. Rxf2 Rxf2 28. Kxf2 Qf6+ 29. Kg1 Qd4+ 30. Kh1 Qxa4 31. Rf1) 26... Rxe4 $17 27. Nc3 Rc4 28. Rd1 $1 {[%cal Rd1d2] [#]} Rc2 (28... Rxf2 $1 $17 {[%mdl 512]} 29. Kxf2 Rxc3) 29. Nb5 $11 {[#]The position is equal.} Rf4 $1 {[%mdl 512]} 30. gxf4 Qh4 31. Rf1 Qg4+ 32. Kh1 Qf3+ 33. Kg1 Nc4 34. Rbe1 (34. Nxd6 {[#] is a self mate.} Ne3 $1 {[%mdl 512]} 35. Nf5+ gxf5 36. Qh6+ Kxh6 37. Rb6+ Kg7 38. Rg6+ fxg6 39. fxe3 Qg2#) 34... Qg4+ 35. Kh1 Qh3 {( -> ...Ne3!)} 36. Nxd6 Qf3+ {Precision: White = 41%, Black = 65%.} 1/2-1/2

[Event "Leiden Chess Tournament"]
[Site "Leiden"]
[Date "2017.07.23"]
[Round "9"]
[White "Van Dael, Siem"]
[Black "Gavrilov, Alexei"]
[Result "0-1"]
[WhiteElo "2132"]
[BlackElo "2491"]
[Annotator "TA"]
[PlyCount "52"]
[EventDate "2017.??.??"]
[EventCountry "NED"]
[SourceTitle "playchess.com"]
[Source "ChessBase"]
[SourceQuality "1"]

{[%evp 12,52,13,6,0,-13,-12,-29,-34,-32,-24,-43,-36,-32,-36,-79,-78,-93,-87,-91,-89,-81,-81,-82,-70,-71,-54,-42,-42,-56,29,40,128,118,113,102,139,-533,-545,-531,-523,-526,-524]} 1. e4 e6 2. d4 d5 3. Nc3 Nf6 4. Bg5 dxe4 5. Nxe4 Nbd7 6. Bd3 Be7 {C13: French: Classical System: 4 Bg5 Be7, Alekhine-Chatard Attack} 7. Bxf6 {LiveBook: 6 Games} Nxf6 8. Nxf6+ Bxf6 {The position is equal.} 9. Nf3 c5 10. c3 cxd4 11. Nxd4 Bd7 $146 ({Find the theoretical novelty and annotate with similar games:} 11... Bxd4 12. Qa4+ Bd7 13. Qxd4 O-O 14. Be4 Qc7 {½-½ (14) Kochetkov,G (2394)-Andreev,E (2451) Evpatoria 2007}) 12. Be4 Qb6 13. O-O Qxb2 14. Rb1 Qxc3 15. Ne2 Qc4 16. Rxb7 Rd8 17. Bd3 Qd5 ({Reject} 17... Qxa2 18. Rxd7 Rxd7 19. Bb5 $11) 18. Rxa7 Bc6 {[%csl Gc6][%cal Rd5g2]} 19. Nf4 Qd4 $36 {[%mdl 2048] Black is pushing.} 20. Rc7 {Black should prevent Nxe6.} Qd6 {[#]} (20... Bd7 $15 21. Rc4 Qd6) 21. Nxe6 $1 $11 {[%mdl 512] Strongly threatening Re1.} Qxe6 (21... Bd7 $1 $14 22. Rxd7 Rxd7) 22. Re1 $16 Be5 {[#]} 23. Qh5 $1 {[%csl LRe5,LRh7]} Rd5 24. Bc4 $2 {[%mdl 8192] [#]} (24. Bf5 $16 {is forced if you want to stay better.} Qf6 25. Rc8+ Ke7 26. Rxh8) 24... Bxh2+ $1 $19 {[%mdl 512] Black is clearly winning.} 25. Kf1 {[#]} (25. Kxh2 Rxh5+) 25... Qxe1+ $1 {[%mdl 512]} 26. Kxe1 Rxh5 {Precision: White = 57%, Black = 49%.} 0-1

[Event "Leiden Chess Tournament"]
[Site "Leiden"]
[Date "2017.07.23"]
[Round "9"]
[White "Holwijn, Melvin"]
[Black "Le Clercq, Maxim"]
[Result "1-0"]
[WhiteElo "1932"]
[BlackElo "1906"]
[Annotator "NA"]
[PlyCount "150"]
[EventDate "2017.??.??"]
[EventCountry "NED"]
[SourceTitle "playchess.com"]
[Source "ChessBase"]
[SourceQuality "1"]
[TimeControl "40/5400+30:1800+30"]

1. d4 d5 2. Nf3 Nf6 3. c4 e6 4. Nc3 c6 5. e3 Nbd7 6. Bd3 Bd6 7. O-O O-O 8. e4 dxe4 9. Nxe4 Nxe4 10. Bxe4 f5 11. Bc2 Nf6 12. Re1 Qc7 13. c5 Bf4 14. Ne5 Bxe5 15. dxe5 Nd5 16. g4 fxg4 17. Qxg4 Qf7 18. Qh4 h6 19. Re4 Qg6+ 20. Kh1 Qf5 21. Bxh6 Qxf2 22. Bxg7 Qxh4 23. Rxh4 Rf4 24. Rg1 Rxh4 25. Bf6+ Kf8 26. Bxh4 b6 27. Rf1+ Kg7 28. cxb6 axb6 29. Rg1+ Kf8 30. a3 Ra7 31. Bg5 Ba6 32. Bh6+ Ke8 33. Rg8+ Kd7 34. Bg5 Rb7 35. h4 Ne7 36. Bxe7 Kxe7 37. Bd3 Kf7 38. Bxa6 Ra7 39. Rc8 Rxa6 40. Rxc6 Ra4 41. Rxb6 Rxh4+ 42. Kg2 Re4 43. Rb5 Ke7 44. Kf3 Re1 45. b4 Kd7 46. a4 Kc6 47. Kf4 Re2 48. Kg5 Rf2 49. Ra5 Kb6 50. Kg6 Rf4 51. Rb5+ Kc6 52. Rb8 Kc7 53. Rb5 Kc6 54. Rc5+ Kd7 55. Rb5 Kc6 56. Kg5 Rf5+ 57. Kg4 Rf1 58. Rc5+ Kb7 59. a5 Rb1 60. b5 Ra1 61. a6+ Kb6 62. Rc6+ Kxb5 63. Rxe6 Kc5 64. Rd6 Rf1 65. a7 Ra1 66. Rd7 Kc6 67. e6 Ra5 68. Rf7 Kd6 69. e7 Kd7 70. Rh7 Ra4+ 71. Kf5 Ra5+ 72. Kf6 Ra6+ 73. Kf7 Rxa7 74. e8=Q+ Kd6+ 75. Kg8 Kd5 1-0

[Event "Leiden Chess Tournament"]
[Site "Leiden"]
[Date "2017.07.23"]
[Round "9"]
[White "Coiffait, Casimir"]
[Black "Thibaut-Coignec, Leopold"]
[Result "1-0"]
[WhiteElo "1853"]
[BlackElo "1648"]
[Annotator "NA"]
[PlyCount "55"]
[EventDate "2017.??.??"]
[EventCountry "NED"]
[SourceTitle "playchess.com"]
[Source "ChessBase"]
[SourceQuality "1"]
[TimeControl "40/5400+30:1800+30"]

1. d4 d5 2. Nf3 Nf6 3. e3 e6 4. Bd3 c5 5. b3 Nc6 6. Bb2 Bd6 7. O-O O-O 8. Ne5 Qc7 9. f4 b6 10. dxc5 Bxc5 11. Nxc6 Bxe3+ 12. Kh1 Qxc6 13. Bxf6 e5 14. Bxe5 Bb7 15. Qf3 d4 16. Qxc6 Bxc6 17. c3 dxc3 18. Nxc3 Rfd8 19. Be4 Rac8 20. Bxc6 Rxc6 21. Rad1 Rxd1 22. Rxd1 Rc8 23. Nd5 Bc5 24. b4 Bf8 25. f5 Rd8 26. Nf6+ gxf6 27. Rxd8 fxe5 28. f6 1-0